| 000 | 00785nam a2200181Ia 4500 | ||
|---|---|---|---|
| 001 | 14718 | ||
| 003 | GE_BSU | ||
| 008 | 181216s||||||||xx |||||||||||||| ||und|| | ||
| 040 | _cGE_BSU | ||
| 080 | _a665.6+665.65 | ||
| 100 | _aСкобло,А.И.Трегубова,И.А. Егоров,Н.Н. | ||
| 245 | _aПроцессы и аппараты нефтеперерабатывающей и нефтехимической промышленности. | ||
| 245 | _bУчебник. | ||
| 245 | _cВед. ред. С.И.Бабушкина и К.Ф.Клеименова. | ||
| 300 | _a652 стр. 22 см. с илл. | ||
| 653 | _aПроцессы и аппараты нефтеперерабатывающей и нефтехимической промышленности. | ||
| 942 | _cBK | ||
| 999 |
_c47844 _d47844 |
||